SANSKRIT - ENGLISH DICTIONARY (Record no. 490029)

MARC details
000 -LEADER
fixed length control field 00379pam a2200157a 44500
008 - FIXED-LENGTH DATA ELEMENTS--GENERAL INFORMATION
fixed length control field 230515b1995 xxu||||| |||| 00| 0 eng d
020 ## - INTERNATIONAL STANDARD BOOK NUMBER
International Standard Book Number 0
041 ## - LANGUAGE CODE
Language code of text/sound track or separate title ENGLISH
082 ## - DEWEY DECIMAL CLASSIFICATION NUMBER
Classification number 0 WIL
100 ## - MAIN ENTRY--PERSONAL NAME
Personal name WILLIAMS MONIAR
245 ## - TITLE STATEMENT
Title SANSKRIT - ENGLISH DICTIONARY
250 ## - EDITION STATEMENT
Edition statement 1
260 ## - PUBLICATION, DISTRIBUTION, ETC.
Place of publication, distribution, etc. DELHI
Name of publisher, distributor, etc. MOTILAL BANARASIDAS PUBLICATION
Date of publication, distribution, etc. 1995
300 ## - PHYSICAL DESCRIPTION
Extent 1333
650 ## - SUBJECT ADDED ENTRY--TOPICAL TERM
Topical term or geographic name entry element DICTIONARY
Holdings
Withdrawn status Lost status Damaged status Not for loan Collection Home library Current library Shelving location Date acquired Source of acquisition Cost, normal purchase price Total Checkouts Full call number Barcode Date due Date last seen Date last checked out Price effective from Koha item type
        Samhita and Siddhanta College of Ayurved, Pune College of Ayurved, Pune   01/01/1991 NULL 700.00 3 0 WIL ACP-UG-6217 27/05/2026 27/04/2026 27/04/2026 28/06/2023 Book